000 00799nam a2200241 a 4500
001 000024741
005 20260521144507.0
008 110203s1992 pr r 000 | spa d
020 _a0847728323
040 _aDO-SdBNP
_bspa
_cBNPHU
082 _a601
_bC717f
100 1 _aColón Rosado, Aníbal
_950764
245 1 3 _aLa filosofía de la técnica /
_cAníbal Colón Rosado.
260 _aRío Piedras, (Puerto Rico) :
_bUniversidad de Puerto Rico,
_c1992.
300 _a162 p. ;
_c21 cm.
500 _aIncluye glosario de términos
500 _aIncluye notas al pie de las páginas
504 _aIncluye referencias bibliográficas
650 4 _aFilosofía de la tecnología
_950765
650 0 _aFilosofía de la ciencia
_919468
650 4 _aCiencia y tecnología
_920738
049 _aBNGR
999 _c24234
_d24234